LIBRARY & INFORMATION CENTRE, KCAET, TAVANUR

ONLINE PUBLIC ACCESS CATALOGUE (OPAC)

Ivide maranam pathiyirikkunnu (Record no. 162)

MARC details
000 -LEADER
fixed length control field 00427cam a2200193ua 4500
041 ## - LANGUAGE CODE
Language code of text/sound track or separate title mal
082 ## - DEWEY DECIMAL CLASSIFICATION NUMBER
Classification number 894.812308
Item number VAN/IV
100 ## - MAIN ENTRY--AUTHOR NAME
Personal name Vanneri, .
245 ## - TITLE STATEMENT
Title Ivide maranam pathiyirikkunnu
250 ## - EDITION STATEMENT
Edition statement 1 /
260 ## - PUBLICATION, DISTRIBUTION, ETC. (IMPRINT)
Place of publication :
Name of publisher Books international ,
Year of publication 1977.
300 ## - PHYSICAL DESCRIPTION
Number of Pages 48 ; .
650 ## - SUBJECT ADDED ENTRY--TOPICAL TERM
Topical Term Novalete
942 ## - ADDED ENTRY ELEMENTS (KOHA)
Koha item type Books
Holdings
Withdrawn status Lost status Damaged status Home library Current library Date acquired Full call number Accession Number Koha item type
      KAUAET KAUAET 07/04/2012 894.812308 1411 Books
free website counter